000 00286nam a22001097a 4500
082 _a320
100 _aBandyopadyay, Sekhar
_980950
245 _aindian PoLitical Thought and its Contempory Relevance
260 _aDelhi
_bAtlantic Pub
650 _aindian PoLitical
_980951
942 _cBK
999 _c64159
_d64159